LEADER 01073nam a2200241 i 4500 001 000000054547 003 CaOOAMICUS 005 20240920170217.0 008 071117s1974 it u000 u ita u 040 $aSeMil$bita 100 1 $aMajo, Angelo Giuseppe,$c.$0(OLS)http://semarc/name/3746 245 13$aLa stampa quotidiana cattolica milanese :$b1912-1968 : le vicende de "L'Italia" /$cAngelo Majo. 264 1$aMilano :$b[s.n.],$c1974. 300 $aXI, 214 p. ;$c24 cm 490 1 $aArchivio Ambrosiano ;$v26. 650 4$aStampa cattolica - Milano - Storia.$0(OLS)http://semarc/subject/11133 830 0$aArchivio Ambrosiano ;$v26.$0(OLS)http://semarc/title/254 850 $aSeMil 852 $aSeMil$W1$xVenegono$y1$m3TA A 26$j250745$B20701$CSeMilBibl$Z2$F20703 $81 961 $aAcquisto: Casa editrice 996 $6245$aLa stampa quotidiana cattolica milanese :$b1912-1968 : le vicende de "L'Italia"$9(OLS)http://semarc/title/84450 996 $6264$aMilano :$b[s.n.]$9(OLS)http://semarc/publisher/29709 LEADER 00829nam a2200205 i 4500 001 000000065895 003 CaOOAMICUS 005 20050715000000.0 008 050715n it u000 u ita u 013 $a37067 040 $aSeMil$bita 245 13$aIl Culto di Maria in sè e nelle sue manifestazioni liturgiche. 300 $aXX, 859 p. 500 $aContiene : Bibliografia. 650 4$aMadonna - Culto.$0(OLS)http://semarc/subject/1204 700 1 $aCampana, Emilio.$0(OLS)http://semarc/name/5149 773 0 $aCampana, Emilio$tMaria nel Culto cattolico.$dTorino ; Roma : Marietti, 1933-$gVolume1$w()10574 850 $aSeMil 852 $aSeMil$W1$xVenegono$y1$m2N II 31 =$j32048$B32048$CSeMilBibl$Z2$F32051 $81 996 $6245$aIl Culto di Maria in sè e nelle sue manifestazioni liturgiche$9(OLS)http://semarc/title/104680